书目信息 |
| 题名: |
古建筑砖木雕刻图案
|
|
| 作者: | 叶平安 编绘 | |
| 分册: | ||
| 出版信息: | 北京 人民美术出版社 1985.05 |
|
| 页数: | 96页 | |
| 开本: | 32开 | |
| 丛书名: | ||
| 单 册: | ||
| 中图分类: | J522 | |
| 科图分类: | ||
| 主题词: | 工艺美术--中国 | |
| 电子资源: | ||
| ISBN: | 7-102-01881-9 | |
| 000 | 00560nam0 2200193 45 | |
| 001 | 0008210919 | |
| 005 | 20000821094945.2 | |
| 010 | @a7-102-01881-9@d6.20元 | |
| 100 | @a20000821d1985 km y0chiy0120 ea | |
| 101 | 0 | @achi |
| 105 | @a z 000yy | |
| 200 | 1 | @a古建筑砖木雕刻图案@AGu Jian Zhu Zhuan Mu Diao Ke Tu An@f叶平安编绘@FYe Ping An Bian Hui |
| 210 | @a北京@c人民美术出版社@d1985.05 | |
| 215 | @a96页@d32开 | |
| 606 | 0 | @a工艺美术@x中国 |
| 690 | @aJ522@v3 | |
| 701 | 0 | @a叶平安@4编绘 |
| 801 | @aCN@bPftUser@c20000821 | |
| 905 | @b111870-877@dJ522@eY015@f8 | |
| 古建筑砖木雕刻图案/叶平安编绘.-北京:人民美术出版社,1985.05 |
| 96页;32开 |
| ISBN 7-102-01881-9:6.20元 |
| ● |
| 相关链接 |
|
|
|
正题名:古建筑砖木雕刻图案
索取号:J522/Y015
 
预约/预借
| 序号 | 登录号 | 条形码 | 馆藏地/架位号 | 状态 | 备注 |
| 1 | 111870 | 201118708 | 社科库309/309社科库 86排3列1层/ [索取号:J522/Y015] | 在馆 | |
| 2 | 111871 | 201118717 | 自科二线404/309社科库 87排2列5层/ [索取号:J522/Y015] | 在馆 | |
| 3 | 111872 | 201118726 | 自科二线404/309社科库 87排2列5层/ [索取号:J522/Y015] | 在馆 | |
| 4 | 111873 | 201118735 | 自科二线404/309社科库 87排2列5层/ [索取号:J522/Y015] | 在馆 | |
| 5 | 111874 | 201118744 | 社科库309/309社科库 86排3列1层/ [索取号:J522/Y015] | 在馆 | |
| 6 | 111875 | 201118753 | 自科二线404/309社科库 87排2列5层/ [索取号:J522/Y015] | 在馆 | |
| 7 | 111876 | 201118762 | 社科库309/309社科库 86排3列1层/ [索取号:J522/Y015] | 在馆 | |
| 8 | 111877 | 201118771 | 自科二线404/309社科库 87排2列5层/ [索取号:J522/Y015] | 在馆 |